[Event "Titled Tuesday intern op 2nd Febr"]
[Site "Chess.com INT"]
[Date "2019.02.05"]
[Round "2"]
[White "De Ceglie, Paolino"]
[Black "Kapitanchuk, Tomas"]
[Result "0-1"]
[WhiteElo "2260"]
[BlackElo "2251"]
[PlyCount "102"]
[EventDate "2019.02.05"]
[EventType "swiss (blitz)"]
[EventRounds "10"]
[EventCountry "USA"]
[SourceTitle "EXT 2021"]
[Source "ChessBase"]
[SourceDate "2020.10.23"]
[SourceVersion "1"]
[SourceVersionDate "2020.10.23"]
[SourceQuality "1"]

1. e4 c5 2. Nf3 e6 3. Nc3 Nc6 4. d4 cxd4 5. Nxd4 Qc7 6. g3 a6 7. Bg2 Nf6 8. 0-0 Nxd4 9. Qxd4 Bc5 10. Bf4 d6 11. Qd2 h6 12. Rad1 e5 13. Be3 Be6 14. Nd5 Bxd5 15. exd5 0-0 16. Bxh6 gxh6 17. Qxh6 Nh7 18. Bh3 f5 19. b4 Rf6 20. Qh5 Ba7 21. Bxf5 Raf8 22. g4 Qg7 23. Kh1 Rh6 24. Bxh7+ Rxh7 25. Rg1 Bxf2 26. Rg2 Rxh5 27. gxh5 Qxg2+ 28. Kxg2 Bd4 29. Rd2 Bc3 30. Rd3 Bxb4 31. Rb3 Bc5 32. Rxb7 Rf2+ 33. Kg3 Rxc2 34. a4 Rc4 35. a5 Ra4 36. h4 Rxa5 37. Kg4 Ra1 38. Kf5 Rg1 39. h6 a5 40. Kf6 a4 41. h5 a3 42. Rg7+ Rxg7 43. hxg7 Be3 44. Ke6 a2 45. Kxd6 a1Q 46. Ke6 Kxg7 47. d6 Bg5 48. d7 e4 49. h6+ Kxh6 50. Kf7 e3 51. Kg8 Qg7# 0-1

[Event "Titled Tuesday intern op 2nd Febr"]
[Site "Chess.com INT"]
[Date "2019.02.05"]
[Round "5"]
[White "Perez Rodriguez, Jennifer"]
[Black "De Ceglie, Paolino"]
[Result "0-1"]
[WhiteElo "2237"]
[BlackElo "2260"]
[PlyCount "66"]
[EventDate "2019.02.05"]
[EventType "swiss (blitz)"]
[EventRounds "10"]
[EventCountry "USA"]
[SourceTitle "EXT 2021"]
[Source "ChessBase"]
[SourceDate "2020.10.23"]
[SourceVersion "1"]
[SourceVersionDate "2020.10.23"]
[SourceQuality "1"]

1. e4 e5 2. Nf3 Nc6 3. Bc4 Nf6 4. d3 Bc5 5. 0-0 a6 6. a4 Ba7 7. c3 d6 8. Bb3 h6 9. h3 g5 10. Be3 g4 11. hxg4 Bxe3 12. fxe3 Nxg4 13. Bxf7+ Ke7 14. Qe1 Kxf7 15. Nxe5+ Kg7 16. Nxg4 Bxg4 17. Qg3 Qg5 18. Rf4 h5 19. Nd2 Ne5 20. Nf3 Qg6 21. Nh4 Qg5 22. Nf3 Qe7 23. d4 Nd3 24. Rf5 Raf8 25. Nh4 Qxe4 26. Rg5+ Kh6 27. Rg6+ Kh7 28. Rd1 Nxb2 29. Re1 Nc4 30. Kh2 Nd2 31. Rg5 Nf1+ 32. Rxf1 Rxf1 33. Ng6 Rg8 0-1

[Event "Titled Tuesday intern op 2nd Febr"]
[Site "Chess.com INT"]
[Date "2019.02.05"]
[Round "7"]
[White "Savanovic, Vuk"]
[Black "De Ceglie, Paolino"]
[Result "1-0"]
[WhiteElo "2302"]
[BlackElo "2260"]
[PlyCount "49"]
[EventDate "2019.02.05"]
[EventType "swiss (blitz)"]
[EventRounds "10"]
[EventCountry "USA"]
[SourceTitle "EXT 2021"]
[Source "ChessBase"]
[SourceDate "2020.10.23"]
[SourceVersion "1"]
[SourceVersionDate "2020.10.23"]
[SourceQuality "1"]

1. e4 c6 2. d4 d5 3. Nc3 dxe4 4. Nxe4 Nf6 5. Nxf6+ exf6 6. c3 Bd6 7. Bd3 Na6 8. Qe2+ Kf8 9. Bxa6 bxa6 10. Be3 h6 11. Nf3 g6 12. Nd2 Kg7 13. Ne4 Be7 14. 0-0 Be6 15. Qxa6 Bd5 16. Qd3 f5 17. Nd2 Bf6 18. Bf4 Re8 19. Rfe1 Qd7 20. Be5 a5 21. Bxf6+ Kxf6 22. c4 Be6 23. d5 cxd5 24. Qd4+ Ke7 25. cxd5 1-0